000 00351nam a2200121Ia 4500
008 210430s9999 xx 000 0 und d
020 _a978-81-8489-122-5
100 _aJames D.Patterson
_954327
245 _aSolid State Physics Introduction to the Theory
_cJames D.Patterson
260 _aIndia
_bSpringer
_c2007
300 _a717 p
942 _cBK
_2ddc
999 _c564884
_d564884